Sindicalismo y sociedad

Salvato in:
Dettagli Bibliografici
Autore principale: Labor, Livio (Autore)
Natura: Libro
Lingua:spagnolo
Pubblicazione: Buenos Aires Del Atlántico 1956
Serie:Colección Cívica
Soggetti:
Tags: Aggiungi Tag
Nessun Tag, puoi essere il primo ad aggiungerne!!

MARC

LEADER 00000nam a2200000 a 4500
001 UCV1748
003 CL-VaPUC
008 901129e19560000AG |||||||||||||||||spa|d
082 0 4 |a 331.8  |b LAB  |2 21 
100 0 |a Labor, Livio  |e author  |9 295981 
245 1 0 |a Sindicalismo y sociedad 
300 |a 57 p 
942 |c BK 
945 |d 19901129 00:00:00 
260 |a Buenos Aires  |b Del Atlántico  |c 1956 
650 0 |a Sindicatos  |9 255034 
650 7 |a SINDICALISMO  |2 CL-VaPUC  |9 295982 
583 |a last modification  |c 19901129 00:00:00  |k Rodrigo Vera 
490 0 |a Colección Cívica 
999 |c 209588  |d 209586 
952 |0 0  |1 0  |4 0  |6 331_800000000000000_LAB_1956  |7 0  |8 A  |9 185081  |a BIBDER  |b BIBDER  |d 2019-11-14  |i 2524856  |o 331.8 LAB 1956  |p 2524856  |r 2023-01-25  |w 2019-11-14  |y BK  |k DER